[Event "Donner Memorial-A"]
[Site "Amsterdam"]
[Date "1994.??.??"]
[Round "3"]
[White "Jussupow, Artur"]
[Black "Lautier, Joel"]
[Result "1-0"]
[WhiteElo "2655"]
[BlackElo "2645"]
[Annotator "Jussupow,A"]
[PlyCount "79"]
[EventDate "1994.08.??"]
[EventType "tourn"]
[EventRounds "9"]
[EventCountry "NED"]
[EventCategory "15"]
[SourceTitle "CBM 043"]
[Source "ChessBase"]
[SourceDate "1994.12.01"]
[SourceVersion "1"]
[SourceVersionDate "1994.12.01"]
[SourceQuality "1"]

1. d4 {Dvoretzky} d5 2. c4 e6 3. Nc3 Bb4 4. e3 Ne7 (4... c5 5. cxd5 exd5 6.
Bb5+ Nc6 7. Nge2 Nge7 8. O-O O-O 9. dxc5 Bxc5 10. b3 Bg4 $1 (10... a6 11. Bxc6
bxc6 12. Bb2 $14 {Korzubov/Shereshevsky}) 11. h3 Bh5 12. Bb2 Rc8 {
Psakhis-Korzubov/URS/1983/} 13. Rc1 Qa5 $10 {Korzubov/Shereshevsky}) 5. Bd2 $5
O-O (5... c5 $5 6. a3 Bxc3 7. Bxc3 cxd4 8. Qxd4 f6 9. cxd5 Nxd5 10. Bd2 (10.
Rd1 Nc6 11. Qh4 Qe7 {Kupreichik}) 10... O-O 11. e4 Nc6 12. Qc5 Nb6 $15 {
Psakhis-Kupreichik/USSR/1984/-37/439}) 6. a3 Bxc3 7. Bxc3 b6 8. Nf3 Ba6 9. b3
c5 (9... Nd7 {Ftacnik} 10. Bd3 Nf6 $14) 10. dxc5 $1 (10. Bd3 cxd4 11. exd4 Nd7
12. O-O Rc8 13. Qe2 Ng6 $1 14. g3 Qc7 15. Nd2 e5 $36 (15... dxc4)) (10. Rc1
dxc4 11. bxc4 cxd4 12. exd4 Nd7 13. Bd3 Rc8 14. Bb2 Ng6 $1 15. Qd2 Bb7 16. Qe3
Qf6 $36) 10... dxc4 (10... bxc5 11. Bd3 $14) 11. Bxc4 (11. cxb6 Nd5 $1 (11...
cxb3 12. Bb4 $16)) (11. bxc4 $5 Qxd1+ (11... bxc5 12. Bd3 $16 {^^}) 12. Rxd1
bxc5 13. Be2 (13. Nd2 $6 Nd7) 13... Nbc6 (13... Nc8 $6 {/\Nb6} 14. Ne5 Bb7 15.
O-O $16 (15. a4 f6 16. Nd3 Na6 17. Bg4 $16)) (13... Bb7 14. Ne5 f6 15. Nd7 (15.
Nd3 Na6) 15... Rc8 16. Bh5 $5 {/\Nc5} Na6 17. O-O Bc6 18. Rd6 e5 19. Rfd1 $16
Nf5 $6 20. Rxc6 Rxc6 21. Bf3 Rac8 $2 22. Bd5+ Kh8 23. Bxc6 Rxc6 24. Nxe5 $18)
14. Nd2 Rab8 15. Rc1 {/\Ne4} (15. O-O $14) 15... Nd8 $1 (15... f5 $6 16. f4 $1
{/\g4+/-}) 16. Ne4 Nb7 $14) 11... Bxc4 12. bxc4 bxc5 13. Qxd8 (13. Qc2 {Ftacnik
} Nd7 14. O-O $14) 13... Rxd8 14. Ke2 Nd7 15. Nd2 $14 Nc6 $2 (15... Nc8 $142 $5
16. Rhb1 (16. a4 Nd6 17. a5 f6 18. g4 Rab8 19. h4 e5 {/\e4} (19... Kf7 20. f4
h5 $5) 20. f3 Kf7 $10 {/\Nf8-e6}) (16. g4 Nd6 17. Rac1 f6 (17... Nb6 18. Be5 f6
19. Bxd6 Rxd6 20. Ne4 $14) 18. h4 Nb6 19. Ba1 e5 20. g5 Kf7 21. Rhg1 h5 22.
gxh6 gxh6 23. h5 Rg8 24. f4 exf4 25. exf4 Rae8+ 26. Kd3 (26. Kf3 Nbxc4 $1 27.
Nxc4 Nxc4 28. Rxg8 Nd2+) 26... Rd8 27. Rxg8 Rxg8 28. Ne4 Nxe4 29. Kxe4 Re8+ 30.
Kf5 (30. Kf3) 30... Nc8 31. Rd1 Ne7+ 32. Kg4 Rg8+ 33. Kf3 Ke6 $10) 16... Nd6
17. Ba5 Rdc8 18. Rb3 Kf8 19. f4 (19. Rd3 Ke7 20. Rd1 Nb6 21. Rc1 Na4 $10) 19...
Ke7 20. e4 f6 $1 21. Rab1 Rab8 $14) 16. Rhb1 (16. g4 Nb6 17. Rab1 f6 18. h4 Kf7
19. h5 Rd7 20. Rhc1 Rad8 21. Rc2 $14) 16... Rab8 17. Rb5 $1 a6 {><b6} 18. Rxb8
Rxb8 19. g4 $1 $16 f6 20. h4 Kf7 21. h5 Nb6 22. Rd1 Na4 (22... Rd8 $5 $16) 23.
Ba1 Na5 $4 (23... Rd8 24. f4 e5 25. fxe5 Nxe5 (25... fxe5 $2 26. Rb1) 26. Bxe5
fxe5 27. Rf1+ Ke7 28. Ne4 $16) (23... Nb2 24. Rb1 (24. Rg1 $5 $16) 24... Na4
25. Rg1 $16 {/\f4,g5}) (23... Ke7 {Ftacnik} 24. Ne4 e5 $14) 24. Ne4 $18 Nb6 (
24... Nxc4 25. Rd7+ Kf8 26. h6 $18 (26. h6 {Ftacnik} gxh6 27. Bxf6 $16)) (24...
Ke7 25. h6 $18) 25. g5 f5 (25... Naxc4 26. gxf6 gxf6 27. Nxf6 h6 28. Ng4 $18)
26. Nxc5 Naxc4 27. Nd7 Rc8 (27... Rb7 28. Nxb6 Nxb6 29. Rb1 Rb8 30. Be5 $18) (
27... Nxd7 {Ftacnik} 28. Rxd7+ Ke8 29. Rxg7 $18) 28. Nxb6 Nxb6 29. Rd6 Rc2+ (
29... Rb8 30. Bd4 $18) 30. Kf3 Ra2 31. Bxg7 Nc4 (31... Kxg7 {Ftacnik} 32. Rxb6
Rxa3 33. Rb7+ (33. Rxe6 $18) 33... Kg8 34. Kf4 Ra5 35. g6 hxg6 36. hxg6 Rd5 37.
Kg5 $18) 32. Rd7+ Ke8 33. Ra7 Nd6 $5 34. g6 hxg6 35. h6 Ne4 36. Kg2 Rxf2+ (
36... Ng5 37. Bf6 $18 (37. Bf6 {Ftacnik} Nf7 38. Rxf7 Kxf7 39. h7 $18)) 37. Kg1
Rd2 38. h7 Rd1+ 39. Kg2 Rd2+ 40. Kf1 (40. Kf1 {Ftacnik} Rd1+ 41. Ke2 Rd2+ 42.
Ke1 $18) 1-0

[Event "GER-ARM"]
[Site "Baden-Baden"]
[Date "1996.??.??"]
[Round "1"]
[White "Jussupow, Artur"]
[Black "Lputian, Smbat G"]
[Result "1-0"]
[WhiteElo "2665"]
[BlackElo "2595"]
[Annotator "Jussupow,A"]
[PlyCount "101"]
[EventDate "1996.07.31"]
[EventType "match"]
[EventRounds "4"]
[EventCountry "GER"]
[SourceTitle "CBM 055"]
[Source "ChessBase"]
[SourceDate "1996.12.01"]
[SourceVersion "1"]
[SourceVersionDate "1996.12.01"]
[SourceQuality "1"]
[WhiteTeam "Germany"]
[BlackTeam "Armenia"]
[WhiteTeamCountry "GER"]
[BlackTeamCountry "ARM"]

1. d4 {Gulko,B} d5 2. c4 e6 3. Nc3 Be7 4. cxd5 exd5 5. Bf4 c6 6. e3 Bf5 7. g4
Be6 8. h4 Bxh4 (8... Nd7 9. h5 Qb6 (9... Nh6 10. Be2 Nb6 11. Rc1 (11. Nh3 $6 g5
$1 {Vaiser-Timoschenko/Taschkent/1987/-44/(480)}) 11... Bd6 (11... Nc4 12. Bxc4
dxc4 13. Bxh6 gxh6 $13 {Kasparov}) 12. Nh3 Bxf4 13. Nxf4 Bd7 $14 14. Rg1 g5 15.
hxg6 hxg6 16. Kd2 Qe7 17. b3 g5 18. Nd3 O-O-O 19. Rh1 $36 {1/2-1/2 Kasparov,
G-Karpov,An (21)/Moscow-Wch II 40/491 1985 (44)}) 10. Rb1 (10. a3 Bxg4 11. Qxg4
Qxb2) 10... Ngf6 11. f3 O-O (11... h6 12. Bd3 Qa5 (12... c5 13. Nge2 Rc8 14.
Kf1 $14 O-O 15. g5 hxg5 16. Bxg5 Rfe8 17. Qe1 $16 {1-0 Knaak,R-Geller,E/Moscow
33/518 1982 (31)}) 13. Nge2 b5 14. Nc1 (14. Kf2 b4 15. Na4 Nb6 16. Nc5 Bxc5 17.
dxc5 Qxc5 18. Nd4) 14... Qd8 15. Nb3 O-O 16. Ne2 a5 {(Botvinnik,M-Spassky,B/
Leiden 1970)} 17. Rc1 $1 a4 18. Nc5 Nxc5 19. dxc5 Nd7 (19... Qa5+ 20. Qd2 b4
21. Nd4 Bd7 22. Qg2 Bxc5 23. g5) 20. Bb1 $1 Nxc5 $140 21. Rxc5 Bxc5 22. Qc2 {
Botvinnik} Bb4+ 23. Kf2 f5 24. Nd4 $18) 12. Bd3 c5 13. Nge2 Rac8 14. Kf1 cxd4
15. exd4 Bd6 16. Qd2 Ne8 17. Kg2 Qd8 18. Rbe1 Nb6 19. Bb1 Nc4 20. Qd3 f5 21.
Bc1 $40 {1-0 Beliavsky,A-Geller,E/USSR (ch) 35/492 1983 (29)}) 9. Qb3 b6 10.
Nf3 Be7 11. Ne5 (11. Bxb8 Rxb8 12. Ne5 Rc8 $1 (12... Qc7 $2 13. Nxc6) (12...
Bd7 13. Qa4 Rc8 14. Nxd5) 13. Qa4 b5 14. Qxa7 {Botvinnik} Bd6 $13) 11... g5 $6
(11... Nf6 {Gulko,B} 12. g5 {N} (12. Be2 {Gulko,B}) 12... Nfd7 13. g6 Nxe5 14.
Bxe5 Bf6 $1 (14... fxg6 {Gulko,B} 15. Bxg7 Rg8 16. Rxh7 $16) 15. Rxh7 O-O $1
16. Bg3 (16. Bxf6 $5 {Gulko,B} Qxf6 17. Bd3 Bf5 $1 $13) 16... fxg6 (16... Bf5 {
Gulko,B} 17. O-O-O Bxg6 18. Rh2 $16 {<->h}) 17. Rh2 Kf7 $1 18. O-O-O Rh8 $6 (
18... Nd7 $1 {Gulko,B} 19. e4 Be7 $1 {/\ Nf6+/=}) 19. Rxh8 Qxh8 20. e4 $1 $16 {
1-0 Gulko,B-Lputian,S/Glendale 60/390 1994 (33)}) 12. Bg3 Nf6 13. Be2 (13. f3
h5 $1 $132) 13... Qc8 {/\Nbd7} 14. Rc1 $1 (14. O-O-O Nxg4 15. Nxg4 Bxg4 16.
Bxg4 Qxg4 17. Nxd5 cxd5 18. Qxd5 Qc8+ 19. Kb1 Qc6 $19) 14... Nbd7 (14... Nxg4
$2 15. Nxg4 Bxg4 16. Nxd5 $18) 15. Nb5 (15. Nxc6 $2 Qxc6 16. Bb5 Qb7 17. Qa4 a6
18. Bc6 Qa7 $17) 15... Nc5 $1 (15... Nxe5 $2 16. Bxe5 Kd7 17. Nc7 Rb8 18. Rxc6
$18) (15... cxb5 16. Rxc8+ Rxc8 17. O-O $16) 16. dxc5 cxb5 17. Qxb5+ $1 Kf8 (
17... Nd7 18. c6 $18) 18. Nc6 Ne4 $8 (18... Bxc5 19. Rxc5 bxc5 20. Qxc5+ Kg7
21. Be5 Qd7 22. Bxf6+ Kxf6 23. Qd4+ Kg6 24. Rh6+ $1 $18) (18... Bd7 19. Nxe7
Bxb5 20. Nxc8 $18) (18... a6 19. Nxe7 axb5 20. Nxc8 Rxc8 21. Be5 $5 $18) 19.
Nxe7 Kxe7 20. Bd6+ Kf6 (20... Kd8 21. Be5 f6 22. f3 (22. Bd4) 22... fxe5 23.
fxe4 $40) 21. Qb4 $1 $16 (21. Qa4 Kg7) 21... Kg7 $1 (21... Nxd6 $2 22. Qd4+ Kg6
23. Rh6+ $18) 22. c6 Nxd6 (22... a5 23. Qd4+ f6 24. Bh2 $16) 23. Qxd6 Qd8 24.
Qe5+ Qf6 25. Qxf6+ Kxf6 26. Kd2 (26. f4 d4 $5) 26... Rac8 (26... Ke5 27. Rh5 $1
) (26... d4 27. Rh6+ Kg7 28. Rxe6 fxe6 29. c7 $16) 27. f4 (27. c7 $5 $16) 27...
Rc7 28. Rh6+ (28. f5 $5 Bc8 29. Rh6+ Kg7 30. Rh5 h6 31. b4 $16) 28... Kg7 29.
fxg5 Kf8 30. b4 Ke7 31. b5 Kd6 32. Bd3 (32. g6 $5 fxg6 33. Rch1 g5 34. Rg6 $16)
32... Rg8 33. Bxh7 Rxg5 34. Bf5 Rg8 35. a4 Re7 (35... a6 $142 $5) 36. Rch1 Kc5
37. Bxe6 fxe6 38. Rh7 Rxh7 (38... Rgg7 39. Rxg7 Rxg7 40. Rg1 Kb4 41. g5 Kxa4
42. g6 Kxb5 43. c7 $18) 39. Rxh7 Rxg4 40. Rxa7 e5 41. Rd7 $1 $18 (41. Rb7 Kd6)
41... Rg8 (41... Rc4 42. Rd8 Kb4 43. Rxd5 $18) 42. c7 Rc8 43. Kc3 d4+ 44. exd4+
exd4+ 45. Kd3 (45. Rxd4 $2 Rxc7 46. Rc4+ Kd6 47. Rxc7 Kxc7 $10) 45... Kb4 46.
Kxd4 (46. Rxd4+ Ka5 47. Rc4 $6 Rd8+ 48. Rd4 $1 Rc8 49. Rd7) 46... Kxa4 47. Kd5
Kxb5 48. Kd6 Kc4 (48... Ka6 49. Kc6 $18) 49. Rd8 Rxc7 50. Kxc7 b5 51. Kb6 $1
$18 (51. Kb6 b4 52. Ka5 b3 53. Rb8 Kc3 54. Ka4 b2 55. Ka3 $18) 1-0

[Event "Bundesliga 9394"]
[Site "Germany"]
[Date "1994.03.19"]
[Round "10.1"]
[White "Jussupow, Artur"]
[Black "Dokhoian, Yury"]
[Result "1-0"]
[WhiteElo "2665"]
[BlackElo "2570"]
[Annotator "Jussupow,A"]
[PlyCount "77"]
[EventDate "1993.11.06"]
[EventType "team-tourn"]
[EventRounds "15"]
[EventCountry "GER"]
[SourceTitle "CBM 040"]
[Source "ChessBase"]
[SourceDate "1994.06.01"]
[SourceVersion "1"]
[SourceVersionDate "1994.06.01"]
[SourceQuality "1"]
[WhiteTeam "Bayern Muenchen"]
[BlackTeam "Bochum"]
[WhiteTeamCountry "GER"]
[BlackTeamCountry "GER"]

1. d4 d5 2. c4 e6 3. Nc3 c6 4. e4 dxe4 5. Nxe4 Bb4+ 6. Bd2 Qxd4 7. Bxb4 Qxe4+
8. Be2 c5 9. Bxc5 (9. Bc3 Ne7 10. Bxg7 Rg8 11. Bf6 (11. Bc3 Qxg2 12. Qd6 Qxh1
13. O-O-O Nbc6 $17 {ECO}) 11... Nd7 12. Bxe7 Kxe7 $15 {ECO}) 9... Qxg2 10. Qd2
$5 (10. Qd6 Nd7 11. O-O-O (11. Bf3 Qg5 12. Ba3 (12. Be3 Qa5+ 13. b4 (13. Kf1
Ne7 14. Bd2 Qc5 $17 {Dybala-Maluitin/Wisla/1992}) 13... Qe5 $17 {ECO} 14. Qd4
Ne7 15. Be4 Nc6 16. Bxc6 bxc6 17. Nf3 Qxd4 18. Bxd4 f6 $17 {Blachmann-Stoliar/
WchS-Bad Woerishofen/1992/}) 12... Ne7 $13 {Roksin-Karasev/USSR/1972/ECO})
11... Qc6 {-/+ ECO} (11... Qg5+ $6 12. Be3 Qa5 13. Nf3 Ne7 14. Nd4 a6 15. Rhg1
Qe5 16. Qa3 h6 17. Nb5 O-O $6 (17... axb5 $142 18. Qxa8 O-O {Gulko/YB 6-255/})
18. Nd6 $16 {Haik-Flear/Clishy/1987}) 12. Ba3 (12. Qxc6 bxc6 13. Bf3 {|^ Gulko}
Bb7 14. Bd6 O-O-O 15. b4 Nh6 $15 {Donaldson}) 12... Qxd6 13. Rxd6 (13. Bxd6 Ne7
14. Nf3 Nf5 15. Ba3 b6 16. Nd4 Nxd4 17. Rxd4 Bb7 18. Rg1 $44 g6 19. Rgd1 Bc6
20. Rd6 Rc8 21. b3 Nc5 22. Bb2 O-O 23. f3 Nb7 $5 $15 {Barlov-Santos/Novi Sad
ol/1990}) 13... Ngf6 (13... Ne7 $5) 14. Rd1 Ne4 15. Nh3 b6 16. Bf3 Bb7 17. Rhe1
Nec5 18. Bxb7 Nxb7 19. Ng5 Ndc5 20. b4 h6 21. Nxf7 Kxf7 22. bxc5 Nxc5 23. Bxc5
bxc5 24. Rd7+ Kf6 25. Re3 $44 {Gulko-Wendom/New York op/1987}) (10. Bf3 Qg5 11.
Bd6 (11. Qd6 Nd7 {-10.Qd6}) (11. Be3 Qa5+ 12. Bd2 Qc7 $17 {Kovacs-Van
Scheltinga/Amsterdam ol/1954/ECO}) 11... Ne7 (11... Nc6 12. Ne2 (12. Bxc6+ bxc6
13. Nf3 Qf5 14. Qe2 $14 {Spraggett}) 12... Nge7 13. Rg1 Qf6 14. Nc3 Nd4 {
Spraggett-Gentes/Cannes op/1992} (14... Nf5 $6 15. Bxc6+ $1 bxc6 16. Ne4 $40 {
Spraggett-Maiorovas/Cannes op/1992/-54/392}) 15. Be4 $1 Ndf5 16. Ba3 $44 {
Spraggett}) 12. Nh3 (12. Ne2 {(Tolush-Szabo/Bukharest/1953)} Nf5 13. Rg1 Qd8
$17 {ECO}) 12... Qf6 13. Rg1 Nf5 14. Ba3 Qe5+ 15. Kf1 $44 {Vladimirov-Monin/
USSR/1980/ECO}) (10. Qd4 $5 Nd7 (10... Nc6 11. Qd6 Nge7 12. O-O-O Qe4 13. Qc7
$44 {Taimanov/ECO}) (10... Qxh1 $2 11. Qxg7 Nd7 12. Bd6 (12. O-O-O {/\Nf3})
12... Qc6 13. O-O-O $18) 11. Bf3 (11. O-O-O $5 Qg5+ 12. f4 Qf6 (12... Qxc5 13.
Qxg7 Qe3+ 14. Rd2 Ngf6 15. Qxh8+ Ke7 16. Nf3 Ne4 17. Qd4 $16 {Vera}) 13. Nf3
Nxc5 (13... Qxd4 14. Bxd4 f6 (14... Ngf6 15. Rhg1 O-O 16. Rxg7+ $1 $18 Kxg7 17.
Rg1+ Kh8 18. Ne5 $18 {Vera}) 15. Rhg1 Kf7 16. Nd2 $1 $40 {Vera-Semkov/Roma/
1990/-49/459}) 14. Qxc5 Qxf4+ 15. Nd2 Bd7 (15... Nf6 16. Rhg1 Nd7 17. Qa3 Qe5
18. Bf3 Nc5 19. Rxg7 Bd7 20. Rdg1 O-O-O 21. b4 Na4 22. Rxf7 Kb8 23. Rgg7 Qd4
24. Qxa4 $1 $16 {Yuferov-Moroz/Mikolajki-chT/1991/YB/24-90}) 16. Rhg1 Qh6 17.
Rg5 Nf6 18. Rdg1 $44 {Vera}) 11... Qg5 12. Bb4 (12. Bd6 $6 Ne7 {/\Nf5/ECO})
12... Qe5+ 13. Ne2 Qxd4 14. Nxd4 Ne5 15. O-O-O (15. Be2 Bd7 16. Rg1 (16. Bd6
$142 $1 {Vaiser/YB 10-103/}) 16... Ne7 (16... Ng6 17. Bf3 O-O-O 18. Rg5 $6 e5
19. Nb5 Bxb5 20. cxb5 Nf6 $17 {Pantaleoni-Semkov/Flori/op/1988}) 17. Bd6 N5g6
18. Bf3 (18. Rd1 e5 $17 {Dalko-Honfi/Hungary/1950/ECO}) 18... Bc6 19. Nxc6 bxc6
(19... Nxc6 20. b4 $5 $44 {Vaiser}) 20. O-O-O Rc8 21. b4 f6 {(Vaiser-Ivanov/S/
Uzhgorod/1988)} 22. Bh5 $142 Kf7 23. Bc5 $16 {Vaiser}) (15. Nb5 $6 Nxf3+ 16.
Ke2 (16. Kf1 Bd7 $17 {ECO}) 16... Nd4+ 17. Nxd4 Bd7 $17 {ECO}) 15... Bd7 (15...
Nxc4 $2 16. Nf5 exf5 17. Rhe1+ Be6 18. Bxb7 $18 {ECO}) (15... Nxf3 16. Nb5 $1
$16 {ECO}) (15... a6 16. Bg2 $16 {ECO}) 16. Bxb7 Rb8 17. Bd6 Rxb7 18. Bxe5 f6
19. Bd6 Ne7 $10 {Sapundziev-Popov/Bulgaria-ch/1960/61/ECO}) 10... Qxh1 11.
O-O-O Nd7 12. Nf3 (12. Bf3 Qxh2 13. Bxb7 Qc7 $1 14. Bxa8 Qxc5 $17) 12... Qxd1+
(12... Qg2 $5 13. Ne5 $140 Ngf6 14. Qd6 Qg5+ 15. f4 Ne4 $1) 13. Qxd1 (13. Bxd1
Nxc5 14. Qd4 Bd7 15. Qxc5 Rc8 $14) 13... Nxc5 14. Qd4 Ne7 15. Qxc5 Bd7 (15...
f6 16. Nd4 a6 17. Qd6 Kf7 18. c5 Re8 19. Bc4 Nc6 20. Nf5 Rd8 21. Qg3 g6 22.
Nd6+ Kg7 23. h4 Ne5 24. Be2 b6 25. f4 Nc6 26. Qg2 Bd7 27. Bf3 bxc5 28. Bxc6 Ra7
29. Nb7 Rb8 30. Na5 Rd8 31. Qd2 Rc7 32. Qd6 {1-0 Tataev-Boguslavsky/Protvino/
1992/}) 16. Ne5 Nc6 (16... Bc6 $5 17. Nxc6 $1 bxc6 (17... Nxc6 18. Bf3 Kd7 19.
Bxc6+ bxc6 20. Qd4+ $16) 18. Bf3 Rc8 19. Qxa7 $16) (16... f6 17. Bh5+ g6 18.
Nxd7 Kxd7 19. Qd4+ $1 $16 Kc7 20. Qxf6 Nc6 21. Qg7+ $16) 17. Bf3 $1 $16 Nxe5
18. Qxe5 f6 (18... O-O-O 19. Qxg7 Rhg8 20. Qf6 $16) 19. Qg3 O-O-O 20. Qxg7 $16
Rhg8 21. Qe7 $5 e5 (21... Rg1+ 22. Kc2 Rf1 23. Bxb7+ $18) 22. Bd5 Rgf8 23. Qxh7
$6 (23. b4 $142 $1 $40 {/\b5,a4-a5-a6}) 23... f5 24. h4 e4 25. h5 $2 (25. b4 $1
) 25... Bc6 $1 26. Bxc6 bxc6 27. Qxa7 f4 28. Qa6+ Kc7 29. Qa7+ Kc8 30. Qc5 e3
31. Qxc6+ Kb8 32. Qf3 (32. h6 e2 (32... exf2 33. Qf3) 33. Qb6+ Ka8 $10) 32...
Rde8 33. Kd1 exf2 $2 (33... e2+ 34. Ke1 Rg8 $1 35. Qxf4+ Ka8 $1 $10 36. Qh2
$140 Rg7 {/\Rd7}) 34. Qxf2 f3 35. h6 Rf6 36. h7 $18 Rh8 $138 37. Qg3+ Kc8 38.
Qg4+ Kd8 (38... Kb8 39. Qg7 Rd8+ 40. Kc2 Rff8 41. h8=Q Rxh8 42. Qg3+ $18) 39.
Qg5 $1 $138 1-0

[Event "USA-ch"]
[Site "Stillwater"]
[Date "2007.05.21"]
[Round "7"]
[White "Yermolinsky, Alex"]
[Black "Kaidanov, Gregory S"]
[Result "0-1"]
[WhiteElo "2511"]
[BlackElo "2595"]
[Annotator "Kaidanov,G"]
[PlyCount "82"]
[EventDate "2007.05.15"]
[EventType "swiss"]
[EventRounds "9"]
[EventCountry "USA"]
[SourceTitle "CBM 118"]
[Source "ChessBase"]
[SourceDate "2007.05.31"]
[SourceVersion "1"]
[SourceVersionDate "2007.05.31"]
[SourceQuality "1"]

1. d4 d5 2. c4 e6 3. Nc3 c6 4. e4 dxe4 5. Nxe4 Bb4+ 6. Bd2 Qxd4 7. Bxb4 Qxe4+
8. Be2 Na6 9. Ba5 f6 10. Qd8+ Kf7 11. O-O-O e5 12. Bd3 Qf4+ $6 (12... Qxg2 13.
Ne2 Nc5 14. Rhg1 Nxd3+ 15. Rxd3 Qxf2 16. Qc7+ Ne7 17. Rxg7+ Kxg7 18. Qxe7+ Kg6
19. Rg3+ Kf5 20. Qg7 Qxe2 21. Qxh8 Qf1+ 22. Kc2 Qe2+ 23. Kb3 Qxc4+ 24. Ka3
Qxa2+ 25. Kxa2 Be6+ {0-1 Kononenko,T (2417)-Korneev,O (2649)/Dos Hermanas 2006/
CBM 111 ext}) 13. Kb1 (13. Bd2 Qd4) 13... Nc5 14. Ne2 Qg4 (14... Qxf2 15. Rhf1
Qh4 16. Qc7+ Ne7 17. Bb4 b6 18. Bxc5 bxc5 19. Qxe5 Rd8 $14) 15. h3 Qe6 16. Ng3
$2 (16. Bb4 $1 b6 (16... Ne7 17. Qxh8 Nxd3 18. Bxe7 (18. Rxd3 Qxc4 19. Bxe7
Qxd3+ 20. Ka1 Kxe7 21. Qxg7+ Ke8 22. Nf4 $16) 18... Qxe7 19. Rxd3 Bf5 20. Qxa8
Bxd3+ 21. Ka1 Bxe2 22. Qxa7 Bxc4 $16) 17. Bxc5 bxc5 18. Ng3 $16 g6 19. Bc2 Kg7
20. Rd6 Qe7 21. Rhd1 Qxd8 22. Rxd8 Nh6 23. Rxh8 Kxh8 24. Rd8+ Kg7 25. Ne4 Nf5
26. g4 Nd4 27. Nd6 {1-0 Kovacs,G (2449)-Thompson,I (2300)/Oberwart 2005/CBM
107 ext}) 16... Qe7 $15 17. Be4 Qxd8 18. Rxd8 Ne6 19. Rd2 Ne7 20. Rhd1 Rb8 21.
Ne2 b6 22. Bc3 Ba6 23. b3 Rbd8 24. f4 exf4 (24... Rxd2 $5 25. Bxd2 f5 26. Bc2
e4 $15) 25. Nxf4 Rxd2 26. Bxd2 Nc5 27. Bc2 Bc8 28. Be3 Nb7 29. Kb2 $6 (29. g4
Rd8 30. Rf1 $15) 29... Rd8 30. Rxd8 Nxd8 31. Be4 g5 32. Ne2 f5 33. Bf3 g4 34.
hxg4 fxg4 35. Be4 Bf5 36. Ng3 Bxe4 37. Nxe4 Ne6 (37... Ke6 $5 38. Kc3 (38. Ng5+
Kf5 39. Nxh7 Ne6 $19) 38... Ke5 39. Kd3 Ne6 40. g3 c5 $17) 38. b4 $6 (38. g3
Nf5 (38... Kg6 $5) 39. Bf2 $17) 38... Nf5 39. Bf2 Nf4 $19 40. Kc3 Nxg2 41. a4
Nf4 0-1

[Event "Czerniak Memorial 12th"]
[Site "Tel Aviv"]
[Date "1996.??.??"]
[Round "9"]
[White "Har Zvi, Ronen"]
[Black "Kantsler, Boris"]
[Result "0-1"]
[WhiteElo "2510"]
[BlackElo "2475"]
[Annotator "Kantsler,B"]
[PlyCount "92"]
[EventDate "1996.04.??"]
[EventType "tourn"]
[EventRounds "11"]
[EventCountry "ISR"]
[EventCategory "9"]
[SourceTitle "CBM 053"]
[Source "ChessBase"]
[SourceDate "1996.08.01"]
[SourceVersion "1"]
[SourceVersionDate "1996.08.01"]
[SourceQuality "1"]

1. d4 {Hecht} d5 2. c4 e6 3. Nf3 c6 4. Nc3 dxc4 5. a4 Bb4 6. e3 b5 7. Bd2 a5 8.
axb5 Bxc3 9. Bxc3 cxb5 10. b3 Bb7 11. bxc4 (11. d5 $6 Nf6 $1 12. bxc4 b4 13.
Bxf6 Qxf6 14. Qa4+ Nd7 15. Nd4 e5 16. Nb3 $17 {Shabtai,R-Kaspi,A/Tel Aviv/1996/
0:1/29/}) 11... b4 12. Bb2 Nf6 13. Bd3 O-O (13... Nbd7 14. O-O Qc7 15. Nd2 $16
(15. d5 $5 {Novik,I-Karasev,V/St-Petersburg/1994/0,5/23/})) 14. O-O Nbd7 15.
Nd2 Qc7 16. f4 $1 a4 17. Rb1 $1 Rfd8 (17... a3 $2 18. Ba1 $16) 18. Qe2 (18. e4
$6 Nc5 $5 $13) 18... b3 19. Ba1 Nb8 $8 20. f5 (20. d5 exd5 (20... Nbd7 21. e4
exd5 22. cxd5 $14) 21. Bxf6 gxf6 $13) (20. e4 Nc6 21. d5 (21. e5 $6 Nxd4 22.
Bxd4 (22. Qe3 Ng4 23. Qh3 Nf5 $19) 22... Rxd4 23. exf6 Rad8 $132) 21... Nb4 $13
) 20... Nbd7 21. fxe6 fxe6 22. Nf3 (22. e4 e5 $1 $13) 22... Be4 23. Ng5 Bxd3
24. Qxd3 Ne5 $6 (24... Re8 $5) 25. Qc3 Neg4 26. Rf4 Qc6 $4 (26... Qe7 $14) 27.
d5 $1 exd5 28. Rxg4 Rd7 29. Rd4 Rc8 30. Rbd1 h6 31. Nf3 Rdc7 32. Bb2 $1 Qa6 33.
Ba3 Rxc4 34. Rxc4 $6 (34. Qd3 $5 $16) 34... Qxc4 35. Qd3 (35. Qa1 $1) 35...
Qxd3 36. Rxd3 Ne4 37. Nd4 $2 {(+)/} (37. Rxd5 b2 (37... Rc2 $5) 38. Bxb2 Rb8
39. Nd2 (39. Rd4 Rxb2 40. Rxe4 a3 41. Ra4 a2 42. Ne1 Rb1 43. Rxa2 Rxe1+ 44. Kf2
$14) 39... Rxb2 40. Nxe4 a3 41. Rd1 a2 42. Nc3 Rc2 43. Nxa2 $14) 37... Rc3 $1
38. Rxc3 $2 (38. Rd1 Rxe3 $17) 38... Nxc3 39. Kf1 Nd1 40. Ke1 b2 41. Bxb2 Nxb2
{Hecht: [#] entfernter schwarzer Mehrfreibauer; Wirkung wie im Bauernendspiel;
Freibauer bindet den wS --> Gewinn am K-Flügel} 42. Nb5 (42. Kd2 {Hecht} Nc4+
43. Kd3 a3 44. Nc2 a2 45. Kd4 (45. Kc3 Nxe3) 45... Kf7 46. Kxd5 Nxe3+ $19)
42... Kf7 43. Kd2 Ke6 44. Kc3 Nc4 45. Kd4 a3 46. Nc3 Nd6 (46... Nd6 {Hecht} 47.
Na2 Nf5+ 48. Kd3 Nh4 49. g3 Nf3 50. h4 Kf5 51. Ke2 Kg4 52. Kf2 Nd2 $19) 0-1